[Event "Bodensee Seniors op"]
[Site "Bregenz"]
[Date "2019.05.29"]
[Round "4"]
[White "Choong, Liong On Mark"]
[Black "Tiedt, Gunter"]
[Result "0-1"]
[WhiteElo "1923"]
[BlackElo "2122"]
[PlyCount "66"]
[EventDate "2019.05.26"]
[EventType "swiss"]
[EventRounds "7"]
[EventCountry "AUT"]
[SourceTitle "CBM 190 Extra"]
[Source "ChessBase"]
[SourceDate "2019.07.15"]
[SourceVersion "1"]
[SourceVersionDate "2019.07.15"]
[SourceQuality "1"]

1. c4 e5 2. g3 c6 3. Nc3 d5 4. cxd5 cxd5 5. Bg2 Nf6 6. d3 Be6 7. Nf3 Nc6 8. 0-0 Be7 9. a3 a5 10. Ng5 Bg4 11. f4 0-0 12. fxe5 Nxe5 13. d4 Nc6 14. Qd3 g6 15. Be3 Qd7 16. Qd2 Bf5 17. Rac1 Rac8 18. Na4 Qd8 19. Nc3 Ng4 20. Nxf7 Rxf7 21. Bxd5 Nxe3 22. Qxe3 Bg5 23. Rf4 Qe7 24. Qxe7 Nxe7 25. Bxf7+ Kxf7 26. Rcf1 Bxf4 27. Rxf4 g5 28. Rf1 Ke6 29. e4 Bg6 30. Re1 Rc4 31. Rd1 Nc8 32. Kf2 Nd6 33. Ke3 b5 0-1

[Event "Bad Wiessee Senioren Cup 8th"]
[Site "Bad Wiessee"]
[Date "2019.05.12"]
[Round "2"]
[White "Gulinelli, Euro"]
[Black "Choong, Liong On Mark"]
[Result "0-1"]
[WhiteElo "1624"]
[BlackElo "1923"]
[PlyCount "50"]
[EventDate "2019.05.11"]
[EventType "swiss"]
[EventRounds "9"]
[EventCountry "GER"]
[SourceTitle "EXT 2020"]
[Source "ChessBase"]
[SourceDate "2019.10.17"]
[SourceVersion "1"]
[SourceVersionDate "2019.10.17"]
[SourceQuality "1"]

1. Nf3 Nf6 2. d4 g6 3. g3 Bg7 4. Bg2 d6 5. 0-0 0-0 6. Bg5 Nbd7 7. c3 Ne4 8. Nbd2 Nxg5 9. Nxg5 c6 10. Qc2 Qa5 11. h4 h6 12. Ngf3 Nf6 13. e4 Ng4 14. Nc4 Qh5 15. a4 Bd7 16. a5 c5 17. Rfe1 cxd4 18. Nxd4 Rac8 19. Qe2 Qc5 20. Ne3 Ne5 21. Nb3 Qb5 22. Nd4 Qxe2 23. Rxe2 Nd3 24. Rd2 Nc5 25. f4 Bxd4 0-1

[Event "Bodensee op Seniors 4th"]
[Site "Bregenz"]
[Date "2018.05.12"]
[Round "7"]
[White "Hauck, Bernd"]
[Black "Choong, Liong On Mark"]
[Result "0-1"]
[WhiteElo "1712"]
[BlackElo "1855"]
[PlyCount "72"]
[EventDate "2018.05.06"]
[EventType "swiss"]
[EventRounds "7"]
[EventCountry "AUT"]
[SourceTitle "CBM 184 Extra"]
[Source "ChessBase"]
[SourceDate "2018.06.28"]
[SourceVersion "1"]
[SourceVersionDate "2018.06.28"]
[SourceQuality "1"]

1. e4 c5 2. Nf3 e6 3. d4 cxd4 4. Nxd4 Nc6 5. Nc3 Qc7 6. Be3 a6 7. Be2 Bb4 8. 0-0 Nf6 9. f3 0-0 10. Kh1 Bxc3 11. bxc3 d5 12. Nxc6 bxc6 13. e5 Qxe5 14. Bd4 Qf4 15. Bd3 Nh5 16. Qe2 f6 17. Kg1 Qh6 18. g3 e5 19. Be3 g5 20. Qg2 Kh8 21. Rae1 Rg8 22. Bc5 Nf4 23. Qd2 Ne6 24. Bd6 Qg7 25. Bf5 Nd8 26. Qd3 Qa7+ 27. Kg2 Nf7 28. Bxc8 Nxd6 29. Bf5 Rab8 30. Rb1 Nc4 31. Kh3 h5 32. Rb3 Ne3 33. Rfb1 Rxb3 34. cxb3 g4+ 35. fxg4 hxg4+ 36. Kh4 Rg5 0-1

[Event "Wch Seniors 65 26th"]
[Site "Marianske Lazne"]
[Date "2016.11.22"]
[Round "4"]
[White "Choong, Liong On Mark"]
[Black "Hutchinson, Norman A"]
[Result "0-1"]
[WhiteElo "1908"]
[BlackElo "2062"]
[PlyCount "52"]
[EventDate "2016.11.19"]
[EventType "swiss"]
[EventRounds "11"]
[EventCountry "CZE"]
[SourceTitle "CBM 175 Extra"]
[Source "ChessBase"]
[SourceDate "2016.12.12"]
[SourceVersion "1"]
[SourceVersionDate "2016.12.12"]
[SourceQuality "1"]

1. c4 e6 2. g3 d5 3. Bg2 Nf6 4. Nf3 d4 5. 0-0 c5 6. d3 Nc6 7. Na3 Bd6 8. Bd2 e5 9. Nc2 a5 10. Rb1 0-0 11. b3 Re8 12. a3 e4 13. Nfe1 Bg4 14. dxe4 Ne5 15. f3 Bh5 16. b4 Nxe4 17. fxe4 d3 18. Nxd3 Nxd3 19. Be3 Ne5 20. bxc5 Bf8 21. Qd5 Bxe2 22. Rfe1 Bd3 23. Rbc1 Bxc4 24. Qxd8 Raxd8 25. Red1 Rxd1+ 26. Rxd1 Bb3 0-1

[Event "Wch Seniors 65 24th"]
[Site "Katerini"]
[Date "2014.10.29"]
[Round "6"]
[White "Choong, Liong On Mark"]
[Black "El Gheiadi, Ibrahim"]
[Result "1/2-1/2"]
[WhiteElo "1921"]
[BlackElo "2085"]
[PlyCount "90"]
[EventDate "2014.10.24"]
[EventType "swiss"]
[EventRounds "11"]
[EventCountry "GRE"]
[SourceTitle "EXT 2015"]
[Source "ChessBase"]
[SourceDate "2014.11.20"]
[SourceVersion "1"]
[SourceVersionDate "2014.11.20"]
[SourceQuality "1"]

1. c4 c6 2. Nf3 d5 3. g3 Nf6 4. Bg2 e6 5. b3 Bd6 6. Bb2 Qe7 7. 0-0 Nbd7 8. Qc2 0-0 9. Nc3 a6 10. a4 b6 11. d3 Bb7 12. Rfe1 Rac8 13. e4 e5 14. exd5 cxd5 15. Nh4 g6 16. Bc1 Bb4 17. Re2 Rfe8 18. Bg5 Bxc3 19. Qxc3 d4 20. Qd2 Bxg2 21. Nxg2 Qd6 22. f3 Nc5 23. Rb1 Re6 24. Ne1 Nh5 25. Qc2 a5 26. Bc1 Nd7 27. Qd1 Rce8 28. Nc2 f5 29. Ba3 Qc6 30. Qf1 Nc5 31. Ree1 Qd6 32. b4 axb4 33. Bxb4 e4 34. fxe4 fxe4 35. a5 bxa5 36. Bxc5 Qxc5 37. Rb7 Rf8 38. Qh3 Rb6 39. Rxb6 Qxb6 40. Rxe4 Qf6 41. Qe6+ Qxe6 42. Rxe6 Ra8 43. Na3 Ng7 44. Re5 Nf5 45. Kf2 a4 1/2-1/2

[Event "ASEAN-ch Seniors 50+"]
[Site "Taipa"]
[Date "2014.06.06"]
[Round "4"]
[White "Choong, Liong On Mark"]
[Black "Le, Thien Vi"]
[Result "1/2-1/2"]
[WhiteElo "1932"]
[BlackElo "2020"]
[PlyCount "82"]
[EventDate "2014.06.04"]
[EventType "swiss"]
[EventRounds "7"]
[EventCountry "MAC"]
[SourceTitle "EXT 2018"]
[Source "ChessBase"]
[SourceDate "2017.10.13"]
[SourceVersion "1"]
[SourceVersionDate "2017.10.13"]
[SourceQuality "1"]

1. c4 Nf6 2. Nc3 g6 3. e4 d6 4. d4 Bg7 5. Nge2 0-0 6. f3 Nbd7 7. Be3 e5 8. Qd2 a6 9. d5 Ne8 10. h4 f5 11. g3 Ndf6 12. Bg5 Qd7 13. Bh3 Qf7 14. 0-0 f4 15. Bxc8 Rxc8 16. gxf4 h6 17. fxe5 hxg5 18. exf6 Nxf6 19. Qxg5 Kh7 20. Nf4 Bh6 21. Qg3 Nh5 22. Nxh5 gxh5 23. Qh3 Rce8 24. Rae1 Bd2 25. Re2 Bxc3 26. bxc3 Qg7+ 27. Rg2 Qxc3 28. Qd7+ Kh6 29. Qxc7 Qf6 30. c5 dxc5 31. Qxc5 Rxe4 32. Qxf8+ Qxf8 33. fxe4 Qc5+ 34. Rgf2 Qe3 35. Rd1 Qxe4 36. Rdd2 Qe1+ 37. Kg2 Qe4+ 38. Kf1 Qh1+ 39. Ke2 Qe4+ 40. Kd1 Qb1+ 41. Ke2 Qe4+ 1/2-1/2